Separát štatistickej ročenky školstva SR 2024 materské školy

Salvato in:
Dettagli Bibliografici
Natura: Libro
Lingua:slovacco
Pubblicazione: Bratislava Centrum vedecko-technických informácií SR 2024
Soggetti:
Tags: Aggiungi Tag
Nessun Tag, puoi essere il primo ad aggiungerne!!

MARC

LEADER 00000nam a2200000 4500
001 0308193
005 20251218100111.7
041 0 |a slo 
044 |a SK 
245 1 0 |a Separát štatistickej ročenky školstva SR 2024  |b materské školy 
264 1 |a Bratislava  |b Centrum vedecko-technických informácií SR  |c 2024 
300 |a 183 s. 
610 2 0 |a Slovensko 
610 2 0 |a školstvo 
610 2 0 |a školy materské 
610 2 0 |a školy základné